000 00511nam a2200181Ia 4500
001 24177
005 20260414151026.0
008 260414t2016||||xx |||||||||||||| ||spa||
041 _aESP
082 _a791.43655
_bN25
100 _aNarváez Hernández, José Ramón,
_eAUT
245 0 _aLos jueces en el cine :
_ba administración de justicia y la argumentación en el séptimo arte
260 _c2016
300 _a300 páginas :
_c24 cm.
650 _aABD
654 _aCAU
942 _cLIB
_dJUS
_fJUS
_2ddc
_n
999 _c24177
_d24177